000 00702nam a22002297a 4500
008 151102b xxu||||| |||| 00| 0 eng d
020 _a9781590598924 (pbk.)
020 _a159059892X (pbk.)
041 0 _aeng
080 _a004.272.23
100 1 _aMacDonald, Matthew.
245 1 0 _aBeginning ASP.NET 3.5 in VB 2008 :
_cMatthew MacDonald.
246 3 0 _aASP.NET 3.5 in VB 2008
250 _a2nd ed.
260 _aBerkeley, Calif. :
_bApress,
_cc2007.
300 _axxxiii, 956 f. :
_bme ill. ;
_c24 cm.
490 0 _aExpert's voice in .NET
650 0 _aVisual Basic.
650 0 _aMicrosoft .NET Framework.
650 0 _aZhvillimi i Webfaqeve
942 _2udc
_cBK
999 _c1345
_d1345